000 00837nam a22002897a 4500
001 BR2012001420
003 BR-BrBNA
005 20230928103900.0
007 ta
008 230509b bl.||||| |||| 00| 0 por d
040 _aBR-BrBNA
_bpor
_cBiblioteca Nacional de Agricultura
041 _a(Por)
072 _aE14
090 _ E14 BR2012001420
100 1 _aZanella, V. (ed.)
110 1 _aEMBRAPA Uva e Vinho, Bento Gonçalves, RS (Brasil)
245 1 _aRelatório de atividades; Gestão 2008-2010 Embrapa uva e vinho
260 3 _aBento Gonçalves, RS (Brasil):
_c[nd].
300 _a48 p.
500 _aPublished 2010?; 64 illus.; 23 tables
650 _aGESTÃO
650 _aCOMUNICAÇÃO
650 _aTECNOLOGIA
650 _aDESENVOLVIMENTO ECONÔMICO
909 _a202309
_bLucia
_c55
_dLucia Elande
942 _cBK
999 _c77067
_d77067